| 000 | 01355nam1a22002531i 4500 | ||
|---|---|---|---|
| 001 | rc\4444109 | ||
| 005 | 20240921115225.0 | ||
| 035 | _a(NLR Aleph) 008317041 | ||
| 090 |
_a8733527 _c8733527 |
||
| 100 | _a20130416d1959 |||y0rusy50 ca | ||
| 101 | 0 | _arus | |
| 102 | _aRU | ||
| 105 | _ay z ||||| | ||
| 200 | 1 |
_aКонспекты докладов _eСб. 1- _fО-во по распространению полит. и науч. знаний РСФСР. Моск. Дом науч.-техн. пропаганды им. Ф.Э. Дзержинского. Науч.-производ. конференция "Изучение причин возникновения брака в литейном производстве и разработка мер борьбы с ним" |
|
| 210 |
_aМосква _cБ. и. _d1959 |
||
| 215 | _d28 | ||
| 300 | _aЛитогр. | ||
| 300 | _aТекст на одной стороне листа | ||
| 710 | 1 | 2 |
_a"Изучение причин возникновения брака в литейном производстве и разработка мер борьбы с ним", научно-производственная конференция _eМосква _f1959 _9480105 _3RU\NLR\AUTH\880406832 |
| 801 | 0 |
_aRU _bNLR _gpsbo |
|
| 801 | 1 |
_aRU _bELAR _2rusmarc |
|
| 852 |
_aNLR _j59-8/2776 |
||
| 942 | _cBOOK | ||